International conference on "Soil - the non-renewable environmental resource" : September 7 - September 9, 2015, Brno, Czech Republic : book of abstracts /

Corporate Author: Mendelova univerzita. Fakulta regionálního rozvoje a mezinárodních studií
Other Authors: Soil - the Non-renewable Environmental Resource (konference), Lošák, Tomáš, 1975-
Language: English
Published: Brno : Mendel University in Brno, 2015
Edition: First edition
Online Access: Digitalizovaný dokument
Physical Description: 1 CD-ROM (63 stran) : 12 cm
Book
Saved in:
LEADER 02140nam a2200517 i 4500
001 001510212
003 CZ BrMZK
005 20171101141331.0
006 m q
007 co cg
008 160210s2015 xr eq 100 0 eng
020 |a 978-80-7509-322-6  |q (CDR) 
040 |a BOA001  |b cze  |e rda 
072 7 |a 631  |x Zemědělství. Pedologie. Agrotechnika. Agroekologie  |2 Konspekt  |9 24 
080 |a 502.521  |2 MRF 
080 |a 631.4  |2 MRF 
080 |a 502.21-022.252  |2 MRF 
080 |a (048.3)  |2 MRF 
080 |a (062.534)  |2 MRF 
080 |a (0.034.44)  |2 MRF 
111 2 |a Soil - the Non-renewable Environmental Resource (konference)  |d (2015 :  |c Brno, Česko)  |7 mzk2016911209  |4 aut 
245 1 0 |a International conference on "Soil - the non-renewable environmental resource" :  |b September 7 - September 9, 2015, Brno, Czech Republic : book of abstracts /  |c editor Tomáš Lošák 
246 1 |i Název na titulní obrazovce:  |a Soil 2015 
246 1 |i Název v tiráži:  |a SOIL 2015 - book of abstracts 
250 |a First edition 
264 1 |a Brno :  |b Mendel University in Brno,  |c 2015 
300 |a 1 CD-ROM (63 stran) :  |c 12 cm 
336 |a text  |b txt  |2 rdacontent 
337 |a počítač  |b c  |2 rdamedia 
338 |a počítačový disk  |b cd  |2 rdacarrier 
347 |a textový soubor  |b PDF  |2 rda 
500 |a Název z disku 
500 |a Nad názvem : Mendel University in Brno, Faculty of Regional Development and International Studies 
500 |a 110 výtisků 
650 0 7 |a půda  |7 ph116001  |2 czenas 
650 0 7 |a pedologie  |7 ph115706  |2 czenas 
650 0 7 |a neobnovitelné přírodní zdroje  |7 ph436857  |2 czenas 
655 7 |a abstrakta  |7 fd131780  |2 czenas 
655 7 |a sborníky konferencí  |7 fd133333  |2 czenas 
655 7 |a CD-ROM  |7 fd133955  |2 czenas 
700 1 |a Lošák, Tomáš,  |d 1975-  |7 xx0013812  |4 edt 
710 2 |a Mendelova univerzita.  |b Fakulta regionálního rozvoje a mezinárodních studií  |7 mzk2010588227  |4 orm  |4 isb 
856 4 1 |u http://www.digitalniknihovna.cz/mzk/view/uuid:3a130e73-0605-4e7d-ba2d-f9d6150e7e40  |y Digitalizovaný dokument 
910 |a BOA001  |b CDR-1361.942 
990 |a BK 
991 |b 201604  |c NOV